000 00321nam a22001457a 4500
008 221006b ||||| |||| 00| 0 eng d
020 _a1559579986
041 _aeng
080 _2fourth edition
_a61
082 _a61 INM
100 _a5
101 _aMED
245 _aINFECTION CONTROL
_cINMAN W.B
942 _2udc
_cBK
999 _c58371
_d58371